000 01352nam a2200229 4500
999 _c184667
_d184667
005 20220829143931.0
010 _aB-742126-128 B-745218 HIN-21-22
020 _a9788195396917
_c800.00
035 _aB-742126-128
035 _aB-745218
037 _bनयी किताब प्रकाशन
037 _bउपहार
082 _a401.802
100 _aटंडन, पूरन चंद
245 _aअनुवाद विमर्शः मौलिक चिंतन /
_cपूरन चंद टंडन
260 _aदिल्ली
_bनयी किताब प्रकाशन
_c2022
270 _a1/11829,ग्राउंड फ्लोर,पंचशील गार्डन,नवीन शाहदरा,
_bदिल्ली
_e110032
300 _a400पृ.
_c22सेमी(सजिल्द)
942 _2ddc
_cHN
_mटंडन
_h401.802